[Event "14th Euro Indiv 2013"]
[Site "Legnica POL"]
[Date "2013.05.10"]
[Round "6.111"]
[White "Ivic,Mat"]
[Black "Pavlidis,Ant"]
[Result "1-0"]
[WhiteElo "2278"]
[BlackElo "2479"]

1.e4 c5 2.Nf3 Nc6 3.d4 cxd4 4.Nxd4 e6 5.Nc3 Qc7 6.Be3 a6 7.Bd3 Nf6 8.O-O h5
9.h3 b5 10.Nxc6 Qxc6 11.Re1 Bb7 12.Bd4 Be7 13.Qf3 b4 14.Nd5 exd5 15.exd5 Qd6
16.Be5 Qc5 17.Bxf6 gxf6 18.Qxf6 Rg8 19.d6 Rxg2+ 20.Kf1 Rxf2+ 21.Qxf2 Qxd6
22.Rad1 O-O-O 23.Be4 Qc5 24.Bxb7+ Kxb7 25.Qxc5 Bxc5 26.Re5 Kc6 27.Rdd5 d6
28.Rxh5 f6 29.Rd2 Rg8 30.Rg2 Re8 31.Rf5 Re3 32.Rh2 Bd4 33.h4 Kd7 34.h5 Ke6
35.Rff2 Kf7 36.h6 Kg8 37.h7+ Kh8 38.Re2 Rxe2 39.Kxe2 Bxb2 40.Kf3 f5 41.Rh3 Be5
42.Ke3 a5 43.Kf3 a4 44.Ke3 d5 45.Rh5 Bc3 46.Kf4  1-0

[Event "14th Euro Indiv 2013"]
[Site "Legnica POL"]
[Date "2013.05.11"]
[Round "7.90"]
[White "Djukic,Ni"]
[Black "Manea,Al"]
[Result "1/2-1/2"]
[WhiteElo "2555"]
[BlackElo "2389"]

1.e4 c5 2.Nf3 e6 3.d4 cxd4 4.Nxd4 Nc6 5.Nc3 Qc7 6.Be2 Nf6 7.O-O Be7 8.Be3 O-O
9.f4 d6 10.Ndb5 Qb8 11.a4 a6 12.Nd4 Bd7 13.Nb3 e5 14.f5 Nb4 15.Bg5 Qc7 16.Qd2 Bc6
17.Bf3 Rfd8 18.Bxf6 Bxf6 19.a5 b6 20.Nd1 bxa5 21.Nxa5 Qb6+ 22.Nf2 Be8 23.c3 Nc6
24.Nc4 Qc5 25.b3 Ne7 26.Kh1 h6 27.Ng4 Bg5 28.Qe1 h5 29.Nf2 Rab8 30.Nd3 Qc8
31.Nb4 h4 32.Ne3 Bb5 33.Rf2 Qc5 34.Ned5 Nxd5 35.Nxd5 Bc6 36.b4 Qc4 37.Rfa2 Bxd5
38.exd5 Rbc8 39.Ra3 Rc7 40.Qd1 Qf4 41.Qd3 Rdc8 42.Rf1 Qd2 43.Qxd2 Bxd2 44.Rxa6 Rxc3
45.b5 Rc1 46.Ra1 Rxf1+ 47.Rxf1 Be3 48.Rb1 Kf8 49.g3 hxg3 50.hxg3 Bb6 51.Rb2 Rc4
52.Ra2 Rb4 53.Be2 Ke7 54.Rc2 Bc5 55.Kg2 Kf6 56.g4 e4 57.Rc4  1/2-1/2

[Event "14th Euro Indiv 2013"]
[Site "Legnica POL"]
[Date "2013.05.11"]
[Round "7.95"]
[White "Muzychuk,M"]
[Black "Minko,V"]
[Result "1-0"]
[WhiteElo "2483"]
[BlackElo "2268"]

1.e4 c5 2.Nf3 e6 3.d4 cxd4 4.Nxd4 Nc6 5.Nc3 Qc7 6.Be3 a6 7.Qd2 Nf6 8.O-O-O Bb4
9.f3 Ne7 10.Nde2 b5 11.Bf4 e5 12.Bg5 h5 13.Kb1 Ba5 14.h4 Bb7 15.Qd3 b4 16.Bxf6 gxf6
17.Nd5 Nxd5 18.exd5 d6 19.Ng3 Bc8 20.Nf5 Bxf5 21.Qxf5 Ke7 22.g4 Qd7 23.Qe4 Rag8
24.Bh3 hxg4 25.Bxg4 Qb5 26.Qf5 Bb6 27.f4 Bd4 28.Rxd4 exd4 29.Re1+ Kd8 30.Qc8+  1-0

[Event "14th Euro Indiv 2013"]
[Site "Legnica POL"]
[Date "2013.05.11"]
[Round "7.10"]
[White "Saric,Iv"]
[Black "Laznicka,V"]
[Result "1/2-1/2"]
[WhiteElo "2622"]
[BlackElo "2679"]

1.e4 c5 2.Nf3 e6 3.d4 cxd4 4.Nxd4 Nc6 5.Nc3 a6 6.Nxc6 bxc6 7.Bd3 d5 8.O-O Nf6
9.Qf3 Be7 10.e5 Nd7 11.Qg3 g6 12.Bh6 Bf8 13.Bxf8 Kxf8 14.Rfe1 Qc7 15.h4 c5
16.Qf4 Bb7 17.b3 f5 18.b4 c4 19.Bf1 Kf7 20.Ne2 Qxe5 21.Qxe5 Nxe5 22.Nd4 Nc6
23.Nxe6 Rae8 24.Nc5 Rxe1 25.Rxe1 Bc8 26.c3 Kf6 27.g3 Rd8 28.Bg2 Na7 29.Rd1 Nb5
30.Rxd5 Re8 31.Bf1 Nxc3 32.Rd6+ Ke5 33.Rd2 Ne4 34.Nxe4 fxe4 35.Bxc4 Bb7 36.Kf1 Rc8
37.Bb3 Bc6 38.Ke1 Rb8 39.Rc2 Kd6 40.Rc4 Rf8 41.Bc2 Bd5 42.Rc3 Bxa2 43.Bxe4 Rb8
44.Rc6+ Ke5 45.Bd3 Rxb4 46.Rxa6 Bb1 47.Be2 h5 48.f3 Rb2 49.Ra3 Bf5 50.Kf2 Be6
51.Ra5+ Kf6 52.Ra4 Ra2 53.Rb4 Ra3 54.Rb6 Kf7 55.Rd6 Bf5 56.Bc4+ Ke7 57.Rb6 Rc3
58.Bd5 Rd3 59.Bb3 Rc3 60.Ke2 Bc8 61.Bg8 Bf5 62.Bd5 Rd3 63.Rb7+ Kd6 64.Bf7 Rc3
65.Be8 Ke5 66.Rb6 Rc2+ 67.Kd1 Rc3 68.f4+ Kd4 69.Bxg6 Bg4+ 70.Kd2 Rxg3 71.f5 Rd3+
72.Kc2 Rf3 73.Rb4+ Ke5 74.Kd2 Bxf5 75.Bxh5 Rf4 76.Rxf4  1/2-1/2

[Event "14th Euro Indiv 2013"]
[Site "Legnica POL"]
[Date "2013.05.11"]
[Round "7.22"]
[White "Svetushkin,D"]
[Black "Ivanisevic,I"]
[Result "1/2-1/2"]
[WhiteElo "2588"]
[BlackElo "2655"]

1.e4 c5 2.Nf3 e6 3.d4 cxd4 4.Nxd4 Nc6 5.Nc3 Qc7 6.Be3 a6 7.Qd2 Nf6 8.O-O-O Bb4
9.f3 O-O 10.g4 b5 11.g5 Nh5 12.Nde2 Ba5 13.Kb1 b4 14.Na4 d5 15.exd5 exd5
16.b3 Bf5 17.Nd4 Nxd4 18.Bxd4 Rfe8 19.Nc5 Nf4 20.h4 Bb6 21.Nxa6 Rxa6 22.Bxa6 Bxd4
23.Qxd4 Bxc2+ 24.Kb2 Bxd1 25.Rxd1 Qd6 26.Bc4 Rd8 27.Qe3 h6 28.Rd4 hxg5 29.hxg5 Ng2
30.Qe2 Qc7 31.Rxd5 Nf4 32.Rxd8+ Qxd8 33.Qe1 Qd6 34.Qe8+ Kh7 35.Qe4+ Kg8 36.Qa8+ Kh7
37.Qe4+ Kg8 38.Kc2 Ng6 39.Kc1 Qg3 40.Qd5 Qe1+ 41.Kc2 Qc3+ 42.Kb1 Qe1+ 43.Kc2 Qc3+
44.Kb1  1/2-1/2

[Event "14th Euro Indiv 2013"]
[Site "Legnica POL"]
[Date "2013.05.11"]
[Round "7.121"]
[White "Antal,T"]
[Black "Szumilas,Pi"]
[Result "1/2-1/2"]
[WhiteElo "2349"]
[BlackElo "2198"]

1.e4 c5 2.Nf3 Nc6 3.d4 cxd4 4.Nxd4 e6 5.Nc3 a6 6.Nxc6 bxc6 7.Bd3 d5 8.O-O Nf6
9.Qe2 Be7 10.Kh1 Qc7 11.f4 c5 12.exd5 exd5 13.Qe5 Ra7 14.Re1 d4 15.Qxc7 Rxc7
16.Ne4 O-O 17.Nxf6+ Bxf6 18.b3 Be6 19.f5 Bd5 20.Bf4 Rc6 21.Rab1 h6 22.Kg1 Rd8
23.Kf2 c4 24.bxc4 Bxc4 25.Rb2 Rc5 26.g4 Bh4+ 27.Bg3 Bg5 28.Rd1 Bxd3 29.cxd3 Rdc8
30.Kf3 Ra5 31.Bf4 Bxf4 32.Kxf4 Re8 33.Rdd2 g5+ 34.fxg6 fxg6 35.Rb4 g5+ 36.Kf3 Rf8+
37.Kg3 Rf4 38.Re2 Rc5 39.Rb6 Rc1 40.h3 Rd1 41.Rxh6 Rxd3+ 42.Kg2 Rff3  1/2-1/2

[Event "5th Alexander The Great Open 2013"]
[Site "Porto Carras GRE"]
[Date "2013.05.11"]
[Round "6.1"]
[White "Sukandar,I"]
[Black "Arsovic,Z"]
[Result "1-0"]
[WhiteElo "2370"]
[BlackElo "2434"]

1.e4 c5 2.Nf3 e6 3.d4 cxd4 4.Nxd4 Nc6 5.Nc3 Qc7 6.Be3 a6 7.Nb3 Nf6 8.f4 d6
9.Bd3 b5 10.a4 b4 11.Nb1 Be7 12.N1d2 O-O 13.O-O e5 14.f5 d5 15.Qf3 Bb7 16.exd5 Na5
17.Nxa5 Qxa5 18.Nc4 Qxd5 19.Qxd5 Nxd5 20.Bd2 Rad8 21.Nxe5 Bc5+ 22.Kh1 Ne3
23.Bxe3 Bxe3 24.Rae1 Bd4 25.Nc4 Bd5 26.b3 Rfe8 27.Rxe8+ Rxe8 28.Nd2 a5 29.Rd1 Bc3
30.Nf1 g6 31.Ng3 Kg7 32.Kg1 h5 33.fxg6 fxg6 34.Bxg6 Kxg6 35.Rxd5 h4 36.Nf5 h3
37.gxh3 Re2 38.Nd6 Rxc2 39.Nc4 Kf6 40.h4 Ke6 41.Rd6+ Ke7 42.Rd1 Kf6 43.Nxa5 Rb2
44.Nc4 Ra2 45.h5 Kg5 46.Rd5+ Kf4 47.h6 Kf3 48.Rf5+ Ke4 49.Rf1 Kd3 50.h7 Kc2
51.Na5 Kd3 52.Rf3+ Ke4 53.Rxc3 bxc3 54.h8=Q c2 55.Qc3  1-0

[Event "ch-USA w 2013"]
[Site "Saint Louis USA"]
[Date "2013.05.11"]
[Round "8"]
[White "Abrahamyan,T"]
[Black "Krush,I"]
[Result "0-1"]
[WhiteElo "2280"]
[BlackElo "2470"]

1.e4 c5 2.Nf3 e6 3.d4 cxd4 4.Nxd4 Nc6 5.Nc3 Qc7 6.Be3 a6 7.Qd2 Nf6 8.O-O-O Be7
9.f3 O-O 10.g4 b5 11.g5 Nh5 12.Kb1 Bb7 13.Bd3 Nxd4 14.Bxd4 e5 15.Bf2 Nf4
16.Ne2 Bxg5 17.Rhg1 f6 18.Be3 Nxe2 19.Qxe2 Bxe3 20.Qxe3 Kh8 21.Rg4 Rf7 22.Rdg1 d6
23.Rh4 Qc5 24.Qe1 Re8 25.Qg3 Kg8 26.Rg2 Ree7 27.Rh5 Qe3 28.b3 Bc8 29.Qh4 g5
30.Qg3 Rg7 31.h3 Rg6 32.Re2 Qd4 33.Re1 Bd7 34.Qh2 a5 35.Qe2 Qc5 36.c4 b4
37.Rd1 Be6 38.Bc2 Ra7 39.Qd2 Ra6 40.h4 g4 41.f4 g3 42.f5 Rg7 43.fxe6 g2 44.e7 Ra8
45.Rg5 fxg5 46.Qxg2 gxh4 47.Qh3 Rxe7 48.Qxh4 Rg7 49.Qf6 Rg6 50.Qe7 Rf8  0-1

[Event "ch-USA 2013"]
[Site "Saint Louis USA"]
[Date "2013.05.11"]
[Round "8"]
[White "Shabalov,A"]
[Black "Robson,R"]
[Result "0-1"]
[WhiteElo "2544"]
[BlackElo "2620"]

1.e4 c5 2.Nf3 e6 3.d4 cxd4 4.Nxd4 Nc6 5.Nc3 Qc7 6.f4 a6 7.Nxc6 Qxc6 8.Bd3 b5
9.Qe2 Bb7 10.Bd2 Bc5 11.a3 Nf6 12.O-O-O b4 13.axb4 Bxb4 14.Rhe1 O-O 15.g4 Rfc8
16.g5 Ne8 17.f5 Rab8 18.g6 fxg6 19.fxg6 Qb6 20.Bc4 Qa5 21.Kb1 hxg6 22.Qd3 Nd6
23.Bb3 Bc6 24.Rg1 Qh5 25.Rde1 Nf7 26.Qg3 a5 27.Bc4 g5 28.h4 Qxh4 29.Qg2 Qh6
30.Re3 Bc5 31.Rh3 Qxh3 32.Qxh3 Bxg1 33.Bd3 Bd4 34.e5 Bxe5 35.Nd1 a4 36.Bg6 Kf8
37.Qh5 Nh6 38.Bxg5 a3 39.Bxh6 Bxb2 40.Nxb2 Rxb2+ 41.Kc1 gxh6 42.Qxh6+ Ke7
43.Qg5+ Kd6 44.Qg3+ Kd5 45.Qxa3 Rcb8 46.Qe3 R2b4 47.Bd3 Kd6 48.Kd2 Bd5 49.Qg3+ e5
50.Qg6+ Be6 51.Qg1 Rd4 52.Qa1 Ke7 53.Ke3 Rh8 54.Qg1 Rg4 55.Qf2 Rh3+ 56.Kd2 e4
57.Qc5+ Kf7 58.Bf1 e3+ 59.Ke2 Rc4 60.Qg5 Rxc2+ 61.Kd1 Rd2+ 62.Ke1 Rd5 63.Qf4+ Rf5
64.Qe4 Rg3 65.Bd3 d5 66.Qb4 Rf2  0-1

[Event "31st Liechtenstein Open 2013"]
[Site "Triesen LIE"]
[Date "2013.05.11"]
[Round "9.16"]
[White "Meduna,E2"]
[Black "Partenheimer,A"]
[Result "1-0"]
[WhiteElo "2057"]
[BlackElo "2172"]

1.e4 c5 2.Nf3 e6 3.d4 cxd4 4.Nxd4 Nc6 5.Nc3 Qc7 6.Be2 a6 7.O-O Nf6 8.Kh1 Be7
9.f4 d6 10.Bf3 Bd7 11.Be3 O-O 12.Qd2 Na5 13.Qf2 Nc4 14.Bc1 e5 15.Nde2 b5
16.b3 b4 17.Nd5 Nxd5 18.exd5 Nb6 19.fxe5 dxe5 20.d6 Bxd6 21.Bxa8 Nxa8 22.Be3 f5
23.Rad1 Be7 24.c4 f4 25.Nxf4 exf4 26.Bxf4 Qb7 27.Qg3 Rf6 28.Bg5 Rxf1+ 29.Rxf1 Bxg5
30.Qxg5 Qc8 31.Rd1 Qe8 32.Qd5+ Be6 33.Qd8 Kf8 34.Qa5 Qc6 35.Qxb4+ Kf7 36.Rf1+ Kg6
37.Qe1 Nc7 38.Qg3+ Kh6 39.Rf4 g5 40.Rf6+ Kh5 41.Qh3+  1-0

[Event "FSIMB May 2013"]
[Site "Budapest HUN"]
[Date "2013.05.12"]
[Round "9.2"]
[White "Atabayew,S"]
[Black "Zaibi,A"]
[Result "1-0"]
[WhiteElo "2134"]
[BlackElo "2285"]

1.e4 c5 2.Nf3 e6 3.d4 cxd4 4.Nxd4 Nc6 5.Nc3 Qc7 6.Be2 a6 7.O-O Nf6 8.Kh1 Nxd4
9.Qxd4 Bc5 10.Qd3 b5 11.a3 Bb7 12.Bg5 h6 13.Bxf6 gxf6 14.Bf3 h5 15.Rad1 h4
16.Rd2 Rd8 17.Re1 Qe5 18.Kg1 Rg8 19.h3 Rg5 20.Kf1 Qh2 21.Nd1 a5 22.Ne3 b4
23.Ng4 Qf4 24.axb4 axb4 25.Red1 Kf8 26.c4 bxc3 27.Qxc3 d6 28.Nxf6 Ba6+ 29.Kg1 Ke7
30.Ng4 Rc8 31.Qb3 Rgg8 32.Be2 Rb8 33.Qf3 Qxf3 34.Bxf3 Rb3 35.Ra1 Bb7 36.Re2 Bc6
37.Kh1 Rgb8 38.Ra2 Bb5 39.Rd2 f5 40.exf5 exf5 41.Ne3 Bxe3 42.fxe3 Rxe3 43.Ra7+ Ke6
44.Rh7 Rd3 45.Re2+ Kf6 46.Rf2 Kg5 47.Rh5+ Kg6 48.Rxh4 Bd7 49.Rc4 Rb6 50.Rc7 Be6
51.Kh2 Kg5 52.h4+ Kh6 53.Re2 Bd5 54.Ree7 Bg8 55.Red7 Be6 56.Re7 Bg8 57.Re8  1-0

[Event "HC Andersen Open 2013"]
[Site "Odense DEN"]
[Date "2013.05.12"]
[Round "9.6"]
[White "Thogersen,Rasmus"]
[Black "Ochsner,B"]
[Result "1-0"]
[WhiteElo "2013"]
[BlackElo "2347"]

1.e4 c5 2.Nf3 e6 3.d4 cxd4 4.Nxd4 Nc6 5.Nc3 Qc7 6.Be3 a6 7.Qd2 Nf6 8.f3 h5
9.O-O-O Be7 10.Kb1 b5 11.Be2 d6 12.Qe1 Rb8 13.Nxc6 Qxc6 14.e5 b4 15.Ne4 Nd5
16.Bd4 f6 17.Qg3 dxe5 18.Qxg7 Rf8 19.Qg6+ Rf7 20.Qg8+ Rf8 21.Qg6+ Kd8 22.Bxe5 fxe5
23.Rxd5+ Qxd5 24.Rd1 Bd7 25.Rxd5 exd5 26.Ng5 Bf6 27.Nh7 Ke7 28.Nxf8 Rxf8
29.Bxa6 Be6 30.Qh7+ Bf7 31.Bb7 Rd8 32.Qd3 Kf8 33.Qd2 Be7 34.Qh6+ Kg8 35.Qe3 e4
36.b3 Rd7 37.Bc8 Rc7 38.Bf5 exf3 39.Qh6 Bc5 40.Qg5+ Kf8 41.Qd8+ Kg7 42.Qxc7 f2
43.Bd3  1-0

[Event "VIII American Continental 2013"]
[Site "Cochabamba BOL"]
[Date "2013.05.13"]
[Round "9.37"]
[White "Quiroga,D"]
[Black "Monroy,O"]
[Result "0-1"]
[WhiteElo "2078"]
[BlackElo "1954"]

1.e4 c5 2.Nf3 e6 3.d4 cxd4 4.Nxd4 Nc6 5.Nc3 Nf6 6.Nxc6 bxc6 7.e5 Nd5 8.Nxd5 cxd5
9.Bd3 f5 10.g4 g6 11.gxf5 exf5 12.h4 Qb6 13.b3 Qd4 14.Rb1 Qxe5+ 15.Kf1 Bb7
16.Qf3 O-O-O 17.Bf4 Qc3 18.Qe2 Bb4 19.Ba6 Qc6 20.Bxb7+ Kxb7 21.Qf3 Rde8 22.a3 Bc3
23.Qd3 Re4 24.Bd2 d4 25.Rh3 Bxd2 26.Qxd2 Rhe8 27.Rd1 Qa6+ 28.Qd3 Qxd3+ 29.Rdxd3 Rf4
30.f3 h6 31.Kf2 g5 32.hxg5 hxg5 33.Kg3 Re3 34.Kf2 g4 35.Rg3 Re7 36.Rg1 Rh7
37.Kg3 Rxf3+ 38.Rxf3 Rh3+ 39.Kg2 Rxf3 40.Rd1 Rf4 41.Kg3 Rf3+ 42.Kg2 d3 43.cxd3 Kc6
44.Rc1+ Kd5 45.Rc7 Ke5 46.Rxa7 Rxd3 47.a4 Kf4 48.Rc7 Rd2+ 49.Kf1 Ra2 50.Rc4+ Kg3
51.Rc3+ Kh4 52.Rc4 Kg5 53.Rb4 f4 54.Rc4 f3 55.Rc5+ Kh4 56.Rc1  0-1

[Event "VIII American Continental 2013"]
[Site "Cochabamba BOL"]
[Date "2013.05.13"]
[Round "9.12"]
[White "Latorre,Mat"]
[Black "Cori T.,D"]
[Result "0-1"]
[WhiteElo "2254"]
[BlackElo "2430"]

1.e4 c5 2.Nf3 e6 3.Nc3 Nc6 4.d4 cxd4 5.Nxd4 Qc7 6.Be3 a6 7.Qd2 Nf6 8.f3 Bb4
9.O-O-O Ne5 10.g4 h6 11.a3 Bxc3 12.Qxc3 Qxc3 13.bxc3 d5 14.exd5 Nxd5 15.Bd2 b5
16.Re1 Nc4 17.Bxc4 bxc4 18.Nf5 O-O 19.Nd6 Bd7 20.Nxc4 Rfc8 21.Ne5 Bb5 22.c4 Bxc4
23.Nxc4 Rxc4 24.Re4 Rc6 25.Ba5 Rac8 26.Re2 Rc5 27.Bb4 Rc4 28.Rd1 a5 29.Bxa5 Ra8
30.Re4 Rc6 31.Bb4 Nxb4 32.Rxb4 Rxa3 33.Rb8+ Kh7 34.f4 f6 35.Rd7 Ra2 36.Rb4 Raxc2+
37.Kd1 Rc7 38.Rxc7 Rxc7 39.h4 h5 40.Ke2 Rc2+ 41.Ke3 hxg4  0-1

[Event "14th Euro Indiv 2013"]
[Site "Legnica POL"]
[Date "2013.05.13"]
[Round "8.36"]
[White "Jakovenko,D"]
[Black "Goganov,A"]
[Result "1/2-1/2"]
[WhiteElo "2731"]
[BlackElo "2552"]

1.e4 c5 2.Nf3 e6 3.d4 cxd4 4.Nxd4 Nc6 5.Nc3 Qc7 6.Be3 a6 7.Qd2 Nf6 8.O-O-O Bb4
9.f3 Ne7 10.Nde2 b5 11.Bf4 e5 12.Bg5 h5 13.h4 Bb7 14.Qd3 Rc8 15.Kb1 Bxc3
16.Qxc3 d5 17.Qxc7 Rxc7 18.Ng3 dxe4 19.Bxf6 gxf6 20.fxe4 f5 21.exf5 Nd5 22.Bd3 Ne3
23.Rde1 Nxg2 24.Rxe5+ Re7 25.Rxe7+ Kxe7 26.b4 Rg8 27.Nxh5 Bf3 28.f6+ Ke6
29.Ng7+ Kxf6 30.Rf1 Nxh4 31.Nf5 Nxf5 32.Rxf3 Rg5 33.Bxf5 Rxf5 34.Ra3 Rd5
35.Rxa6+ Ke5 36.a4 Kd4 37.Kb2 bxa4 38.Rf6 Rd7 39.Ka3 Ra7 40.Rd6+ Kc4 41.Rc6+ Kd4
42.c3+ Ke5 43.Rc5+ Ke4 44.Rc4+ Ke5 45.Rc5+ Ke4 46.b5 f5 47.c4 f4 48.Rd5 Rc7
49.b6 Rxc4 50.b7 Kxd5 51.b8=Q Ke4 52.Qb1+ Kd4 53.Qd1+ Ke4 54.Qe2+ Kd4 55.Qg4 Ke3
56.Qg1+ Ke2 57.Qg4+ Ke3 58.Qg5 Ke4 59.Kb2 Ke3 60.Qd5 Rd4 61.Qc5 Ke4 62.Kc3 Rd3+
63.Kc4 Rd2 64.Qe7+ Kf3 65.Qe1 Re2 66.Qf1+ Ke3 67.Qg1+ Kf3 68.Qd1 Kf2 69.Qd4+ Kg3
70.Qg7+ Kf2 71.Qa7+ Re3 72.Kd4 a3 73.Qh7 Kg3 74.Qg6+ Kf3 75.Qh5+ Kg3 76.Qg5+ Kf3
77.Qd5+ Kf2 78.Qa2+ Kg3 79.Qd2 Kf3 80.Qd1+ Kg3 81.Qg1+ Kf3 82.Qh2 Re4+ 83.Kd3 Re3+
84.Kd4 Re4+ 85.Kc5 Re5+ 86.Kd6 Re3 87.Kd5 Kg4 88.Qg2+ Kf5 89.Kd4 Rg3 90.Qh2 Kg4
91.Qe2+ Kg5 92.Qe7+ Kf5 93.Qd7+ Kg5 94.Qd8+ Kg4 95.Qd7+ Kg5 96.Qd5+ Kg4 97.Ke5 Re3+
98.Kf6 Kg3 99.Kf5 f3 100.Qg8+ Kf2 101.Kf4 Rc3 102.Qe6 Kg2 103.Qg6+ Kf2 104.Qe6 Kg2
105.Qg8+ Kf2 106.Qa2+ Ke1 107.Qa1+ Kd2 108.Kg3 Kc2 109.Kf2 Rd3 110.Qa2+ Kc1
111.Qc4+ Kd2 112.Kf1 Rc3 113.Qa2+ Kc1 114.Qa1+ Kc2 115.Kf2 Rd3 116.Kg3 Rc3
117.Qa2+ Kc1 118.Kf4 f2 119.Ke4 f1=Q 120.Qa1+ Kc2 121.Qxf1 Kb2 122.Qe2+ Kb3
123.Qb5+ Kc2 124.Qa5 Kb2 125.Kd4 Rb3 126.Kc4 Ka2 127.Qd5 Rb2 128.Kc3+ Ka1
129.Qd4 Ka2 130.Qd1 Rb1 131.Qd5+ Ka1 132.Qd6 Ka2 133.Qe6+ Ka1 134.Qd6 Ka2
135.Qd5+ Ka1 136.Qd3 Rb2 137.Kc4 Ka2 138.Qc3 Rb1 139.Qc2+ Rb2 140.Qa4 Rb1
141.Kc3 Rb2 142.Qe4 Rb3+ 143.Kc2 Rb2+ 144.Kc1 Ka1 145.Qd4 Ka2 146.Qd3 Rb4
147.Qd5+  1/2-1/2

[Event "14th Euro Indiv 2013"]
[Site "Legnica POL"]
[Date "2013.05.13"]
[Round "8.49"]
[White "Yilmaz,M"]
[Black "Timofeev,Arty"]
[Result "1/2-1/2"]
[WhiteElo "2537"]
[BlackElo "2621"]

1.e4 c5 2.Nf3 e6 3.d4 cxd4 4.Nxd4 Nc6 5.Nc3 Qc7 6.g3 a6 7.Bg2 d6 8.O-O Bd7
9.Re1 Be7 10.Nxc6 Bxc6 11.a4 Nf6 12.Be3 O-O 13.a5 Nd7 14.Qd2 Rac8 15.Bd4 Rfe8
16.Ne2 Bf8 17.c4 b5 18.cxb5 Bxb5 19.Nc3 Bc4 20.Na4 Nc5 21.Qe3 Nxa4 22.Rxa4 d5
23.Bb6 Qd7 24.Raa1 Qb5 25.b3 Qxb3 26.exd5 Qxe3 27.Rxe3 exd5 28.Rxe8 Rxe8
29.Rd1 Bb3 30.Rb1 Bc4 31.Rd1 Bb3 32.Rb1 Bc4 33.Rd1 Bb3  1/2-1/2

[Event "14th Euro Indiv 2013"]
[Site "Legnica POL"]
[Date "2013.05.13"]
[Round "8.80"]
[White "Hagen,Andr"]
[Black "Bukavshin,I"]
[Result "1/2-1/2"]
[WhiteElo "2400"]
[BlackElo "2520"]

1.e4 c5 2.Nf3 e6 3.d4 cxd4 4.Nxd4 Nc6 5.Nc3 Qc7 6.Be3 a6 7.Qd2 Nf6 8.O-O-O Be7
9.f3 O-O 10.g4 b5 11.g5 Nh5 12.Nce2 Rd8 13.Ng3 Nxd4 14.Qxd4 Nf4 15.h4 Bb7
16.Qb6 Qb8 17.Kb1 d5 18.Bxf4 Qxf4 19.Qxb7 Bc5 20.exd5 Qxg3 21.Bd3 Rdb8 22.Qc6 Rc8
23.Qb7 Rcb8 24.Qc6 Rc8 25.Qb7 Rcb8 26.Qc6  1/2-1/2

[Event "14th Euro Indiv 2013"]
[Site "Legnica POL"]
[Date "2013.05.13"]
[Round "8.34"]
[White "Dragun,K"]
[Black "Zhigalko,A"]
[Result "0-1"]
[WhiteElo "2520"]
[BlackElo "2603"]

1.e4 c5 2.Nf3 e6 3.d4 cxd4 4.Nxd4 Nc6 5.Nc3 Qc7 6.Be3 a6 7.Be2 b5 8.Nxc6 Qxc6
9.Bf3 Bb7 10.O-O Qc7 11.e5 Rc8 12.Bxb7 Qxb7 13.Qd3 f5 14.exf6 Nxf6 15.Bd4 Be7
16.Bxf6 gxf6 17.Rfe1 Rg8 18.g3 f5 19.Rad1 Rc4 20.Qe2 Rg6 21.Rd3 Qc6 22.Nd1 f4
23.c3 fxg3 24.hxg3 Rf4 25.Qh5 Rf7 26.Ree3 Rgf6 27.Re5 Qc4 28.Rd2 Qxa2 29.Rg5 Bf8
30.Rg8 Rf5 31.Qh1 Rd5 32.Rxd5 Qxd5 33.Qxd5 exd5 34.Ne3 d4 35.cxd4 Ke7 36.Rg5 Kd6
37.Rc5 Ke6 38.Rc8 Bg7 39.d5+ Kd6 40.b3 Bd4 41.Ra8 Bxe3 42.fxe3 Kxd5 43.Rxa6 Kc5
44.Kg2 d5 45.Rh6 Kb4 46.Rb6 h5 47.Rb8 Rf5 48.Rb7 d4 49.exd4 Kxb3 50.Rc7 Kb4
51.Kh3 Rd5 52.Kh4 Ka5 53.Re7 b4 54.Re5 Rb5 55.d5 b3 56.Kxh5 b2 57.Re1 b1=Q
58.Rxb1 Rxb1 59.g4 Kb6 60.g5 Kc5 61.Kg6 Kxd5 62.Kf6 Rb6+ 63.Kf5 Kd6 64.Kf6 Kd7+
65.Kf7 Rb1 66.g6 Rf1+ 67.Kg8 Ke7 68.g7 Rg1 69.Kh7 Kf7  0-1

[Event "14th Euro Indiv 2013"]
[Site "Legnica POL"]
[Date "2013.05.13"]
[Round "8.14"]
[White "Saric,Iv"]
[Black "Khairullin,I"]
[Result "1/2-1/2"]
[WhiteElo "2622"]
[BlackElo "2657"]

1.e4 c5 2.Nf3 e6 3.d4 cxd4 4.Nxd4 Nc6 5.Nc3 Qc7 6.Be3 a6 7.Qd2 Nf6 8.O-O-O Be7
9.f3 b5 10.g4 Bb7 11.g5 Nxd4 12.Qxd4 Nh5 13.Rd2 Rc8 14.Rg1 Bc5 15.Qxc5 Qxc5
16.Bxc5 Rxc5 17.a4 bxa4 18.Nxa4 Ra5 19.b3 Bc6 20.Nc3 Rc5 21.Nd1 a5 22.Nb2 Nf4
23.Rg4 Ng6 24.Nd3 Rb5 25.Nb2 Rb4 26.Nd3 Rb5 27.Nb2 Rb4 28.Nd3 Rb5  1/2-1/2

[Event "14th Euro Indiv 2013"]
[Site "Legnica POL"]
[Date "2013.05.14"]
[Round "9.26"]
[White "Iordachescu,V"]
[Black "Potkin,V"]
[Result "1/2-1/2"]
[WhiteElo "2582"]
[BlackElo "2666"]

1.e4 c5 2.Nf3 e6 3.d4 cxd4 4.Nxd4 Nc6 5.Nc3 Qc7 6.Be3 a6 7.Be2 b5 8.Nxc6 Qxc6
9.Bf3 Bb7 10.O-O Qc7 11.e5 Rc8 12.Bxb7 Qxb7 13.Qd3 Ne7 14.Ne4 Nf5 15.c3 Be7
16.Rad1 Rc4 17.Nd2 Ra4 18.a3 O-O 19.f3 Qc7 20.Bf2 Rd8 21.Qe2 h5 22.g3 Rb8
23.Rfe1 a5 24.Nb3 Rc4 25.f4 g6 26.Qd3 Rb7 27.Re2 Kg7 28.Qf3 Rb8 29.Red2 Rd8
30.Qe2 a4 31.Nd4 Nxd4 32.Bxd4 Kg8 33.Qf2 d5 34.exd6 Rxd6 35.Qe2 Rd5 36.Be5 Rxd2
37.Rxd2 Qc6 38.Qg2 f6 39.Bd4 Kf7 40.Qe2 Bd6 41.Rd3  1/2-1/2

[Event "14th Euro Indiv 2013"]
[Site "Legnica POL"]
[Date "2013.05.14"]
[Round "9.121"]
[White "Goumas,G"]
[Black "Szumilas,Pi"]
[Result "1-0"]
[WhiteElo "2410"]
[BlackElo "2198"]

1.e4 c5 2.Nf3 e6 3.d4 cxd4 4.Nxd4 Nc6 5.Nc3 Qc7 6.f4 a6 7.Nxc6 Qxc6 8.Bd3 Bb4
9.Bd2 Nf6 10.Qe2 d6 11.O-O-O e5 12.Nd5 Bxd2+ 13.Rxd2 Be6 14.Bc4 Nd7 15.f5 Bxd5
16.Bxd5 Qc7 17.Rhd1 Rd8 18.Rd3 h5 19.Rc3 Qb8 20.Rg3 Kf8 21.Rb3 b5 22.Ra3 Qb6
23.Rc3 Ke7 24.Rc6 Qa7 25.Qd2 Nf6 26.Bb3 Nxe4 27.Qd5 Qe3+ 28.Kb1 Rhf8 29.Rc7+ Rd7
30.f6+ gxf6 31.Rxd7+ Kxd7 32.Qb7+ Kd8 33.Qb8+ Ke7 34.Qc7+ Ke8 35.Bd5 Nd2+
36.Ka1 Rh8 37.Qxd6  1-0

[Event "14th Euro Indiv 2013"]
[Site "Legnica POL"]
[Date "2013.05.14"]
[Round "9.3"]
[White "Alekseev,Evgeny"]
[Black "Rodshtein,M"]
[Result "1-0"]
[WhiteElo "2700"]
[BlackElo "2638"]

1.e4 c5 2.Nf3 e6 3.d4 cxd4 4.Nxd4 Nc6 5.Nc3 Qc7 6.g3 a6 7.Bg2 d6 8.O-O Bd7
9.Nb3 Nf6 10.f4 Be7 11.Kh1 Rc8 12.Qe2 e5 13.Be3 O-O 14.f5 b5 15.a3 b4 16.axb4 Nxb4
17.g4 h6 18.g5 hxg5 19.Bxg5 Qc4 20.Qd2 Rfd8 21.Rg1 Kh7 22.Bf3  1-0

[Event "14th Euro Indiv 2013"]
[Site "Legnica POL"]
[Date "2013.05.15"]
[Round "10.109"]
[White "Dubinski,M"]
[Black "Firat,B"]
[Result "0-1"]
[WhiteElo "2219"]
[BlackElo "2421"]

1.e4 c5 2.Nf3 e6 3.d4 cxd4 4.Nxd4 Nc6 5.Nc3 Qc7 6.g3 g6 7.Bg2 h5 8.Bg5 h4
9.Nb3 Ne5 10.Qe2 Ba3 11.Nd5 exd5 12.bxa3 h3 13.Bf1 Qc3+ 14.Kd1 d6 15.Bd2 Qxa1+
16.Nxa1 Bg4 17.exd5 Nf6 18.f4 Bxe2+ 19.Bxe2 Neg4 20.Ke1 Rc8 21.c4 Kd7 22.Nb3 Rhe8
23.Bc3 Rxc4 24.Bxf6 Nxf6 25.Kd1 Ra4  0-1

[Event "14th Euro Indiv 2013"]
[Site "Legnica POL"]
[Date "2013.05.15"]
[Round "10.71"]
[White "Meribanov,V"]
[Black "Djukic,Ni"]
[Result "1/2-1/2"]
[WhiteElo "2431"]
[BlackElo "2555"]

1.e4 c5 2.Nc3 Nc6 3.Nf3 e6 4.d4 cxd4 5.Nxd4 Qc7 6.Be3 a6 7.Bd3 Nf6 8.O-O Ne5
9.h3 Bc5 10.Qe2 d6 11.Nb3 Bxe3 12.Qxe3 O-O 13.f4 Ng6 14.e5 dxe5 15.Bxg6 hxg6
16.Qxe5 Qb6+ 17.Qc5 Qxc5+ 18.Nxc5 b6 19.N5e4 Bb7 20.Nxf6+ gxf6 21.Rad1 Rad8
22.Na4 Bc6 23.Nc3 Kg7 24.Kf2 e5 25.fxe5 fxe5 26.Rfe1 f6 27.h4 Kf7 28.g3 Ke6
29.Ke3 f5 30.Ne2 Kf6 31.Ng1 g5 32.hxg5+ Kxg5 33.Nf3+ Bxf3 34.Kxf3 e4+ 35.Ke3 Kg4
36.Rxd8 Rxd8 37.Rh1 Rd6 38.Rh8 Kxg3 39.Rg8+ Kh3 40.Rf8 Kg4 41.Rg8+ Kh5 42.Kf4 Rf6
43.c4 a5 44.c5 bxc5 45.Rc8 Kg6 46.Rxc5 a4 47.Ra5 Rb6 48.Rxa4 Rxb2 49.Ra6+ Kf7
50.Kxf5 e3 51.Rf6+  1/2-1/2

[Event "10th Orlova Open"]
[Site "Orlova CZE"]
[Date "2013.05.15"]
[Round "3.8"]
[White "Kostka,Vit"]
[Black "Kubos,R"]
[Result "0-1"]
[WhiteElo "1894"]
[BlackElo "2209"]

1.e4 c5 2.Nf3 Nc6 3.d4 cxd4 4.Nxd4 e6 5.Nc3 a6 6.Be3 Qc7 7.a3 b5 8.Be2 Bb7
9.O-O Rc8 10.Kh1 Nf6 11.Nb3 Ne5 12.Bf4 d6 13.Bxe5 dxe5 14.Bd3 Be7 15.Qe2 O-O
16.Kg1 Nd7 17.a4 b4 18.Nd1 a5 19.Ne3 Nc5 20.Nxc5 Bxc5 21.Nc4 Bd4 22.Rad1 f5
23.b3 Qc5 24.Rd2 Rf6 25.Kh1 Rcf8 26.f3 h5 27.Rdd1 f4 28.Nd2 Ba8 29.Bc4 g5
30.Qe1 Kg7 31.g3 Bc3 32.gxf4 exf4 33.Qf2 Qxf2 34.Rxf2 Rd8 35.Bd3 Bxd2 36.Rfxd2 g4
37.Kg2 Rd4 38.Rf2 e5 39.Rff1 Rfd6 40.Rde1 Kf6 41.Rc1 Bc6 42.Kf2 Bb7 43.Rg1 Kg5
44.Rb1 Kh4 45.Rbc1 Bc8 46.Rb1 Be6 47.Ke2 Rd8 48.Kf2 Rg8 49.Rgf1 Rd6 50.Rg1 Rg7
51.Rgf1 Bc8 52.Rg1 Rd8 53.Rgf1 g3+ 54.hxg3+ fxg3+ 55.Ke3 g2 56.Rg1 Kg3 57.Rbe1 h4
58.Re2 h3 59.Rd2 Rf7 60.Rf2 Rdf8  0-1

[Event "14th Euro Indiv 2013"]
[Site "Legnica POL"]
[Date "2013.05.16"]
[Round "11.34"]
[White "Papp,Ga"]
[Black "Ivanisevic,I"]
[Result "1/2-1/2"]
[WhiteElo "2570"]
[BlackElo "2655"]

1.e4 c5 2.Nf3 e6 3.d4 cxd4 4.Nxd4 Nc6 5.Nc3 Qc7 6.Be3 a6 7.Be2 b5 8.Nxc6 Qxc6
9.Qd4 Bb7 10.a3 Rc8 11.Rd1 Nf6 12.e5 Nd5 13.Bf3 Nxe3 14.Qxe3 Qc7 15.Bxb7 Qxb7
16.O-O Rc4 17.Rd3 Bc5 18.Qg3 O-O 19.Rfd1 b4 20.Rxd7 Qc8 21.axb4 Bxb4 22.Qd3 h6
23.Rd4 Rxd4 24.Qxd4 a5 25.Rd3 Qc6 26.h3 Rc8 27.Kf1 Qa6 28.Kg1 Qc4 29.Qb6 Qc6
30.Qd4 Be7 31.Qd7 Qxd7 32.Rxd7 Bb4 33.Ra7 g5 34.g3 Bxc3 35.bxc3 Rc5 36.Kf1 Rxe5
37.c4 Kg7 38.Rc7 Kf6 39.c5 h5 40.c4 h4 41.gxh4 gxh4 42.Kg2 Rf5 43.Rc8 Ke7
44.Rc7+ Kd8 45.Ra7 Rxc5 46.Rxf7 Rxc4 47.Ra7 a4 48.Kf3 Kc8 49.Ke3 Kb8 50.Ra6 Kb7
51.Rxe6 a3 52.Kd3 Ra4 53.Re1 a2 54.Ra1 Kc6 55.Kc3 Ra3+ 56.Kb2 Rxh3 57.Rxa2 Kd5
58.Ra4 Rh1 59.Kc2 h3 60.Rh4  1/2-1/2